Normal view
MARC view
- Jordan. High Health Council
Entry Personal Name
001 - CONTROL NUMBER
- control field: 2763
003 - CONTROL NUMBER IDENTIFIER
- control field: JO-AjAnu
005 - DATE AND TIME OF LATEST TRANSACTION
- control field: 20230606070745.0
008 - FIXED-LENGTH DATA ELEMENTS
- fixed length control field: 230606|| aca||aabn | a|a d
040 ## - CATALOGING SOURCE
- Original cataloging agency: JO-AjAnu
- Transcribing agency: JO-AjAnu
100 ## - HEADING--PERSONAL NAME
- Personal name: Jordan. High Health Council
670 ## - SOURCE DATA FOUND
- Source citation: Work cat.: (JO-AjAnu)1447: Jordan. High Health Council, author, Jordan National Health Accounts 2008 : Technical Report No. 2